Vista normal
Vista MARC
Entrada Personal Name
Número de registros utilizados en: 1
001 - CONTROL NUMBER
- control field: 12626
003 - CONTROL NUMBER IDENTIFIER
- control field: OSt
005 - DATE AND TIME OF LATEST TRANSACTION
- control field: 20210104173926.0
008 - FIXED-LENGTH DATA ELEMENTS
- fixed length control field: 210104|| aca||aabn | a|a d
040 ## - CATALOGING SOURCE
- Original cataloging agency: OSt
- Transcribing agency: OSt
100 ## - HEADING--PERSONAL NAME
- Personal name: Gregoriou, Greg N.
670 ## - SOURCE DATA FOUND
- Source citation: Work cat.: (OSt)4722: Gregoriou, Greg N., editor, The risk modeling evaluation handbook : , ©2010